000 00288nam a22001337a 4500
003 OSt
008 231102b |||||||| |||| 00| 0 eng d
041 _aeng
082 _a894.812 308
_bMAR
245 _aMarannittilla
260 _bNaval Club, Kerala,
300 _a207pages.
942 _cBK
999 _c17774
_d17774